Normal view
MARC view
- गोडबोले, अरविंद
Entry Personal Name
001 - CONTROL NUMBER
- control field: 216921
003 - CONTROL NUMBER IDENTIFIER
- control field: OSt
005 - DATE AND TIME OF LATEST TRANSACTION
- control field: 20260310123848.0
008 - FIXED-LENGTH DATA ELEMENTS
- fixed length control field: 260310|| aca||aabn | a|a d
040 ## - CATALOGING SOURCE
- Original cataloging agency: OSt
- Transcribing agency: OSt
100 ## - HEADING--PERSONAL NAME
- Personal name: गोडबोले, अरविंद
670 ## - SOURCE DATA FOUND
- Source citation: Work cat.: (OSt)370651: गोडबोले, अरविंद, मला उमजलेले स्वातंत्र्यवीर सावरकर, 2021